Management masterclass : A practical guide to the new realities of management

Spremljeno u:
Bibliografski detalji
Glavni autor: Glass, Neil M.
Format: Knjiga
Jezik:Undetermined
Izdano: London Nicholas Brealey 1988
Teme:
Oznake: Dodaj oznaku
Bez oznaka, Budi prvi tko označuje ovaj zapis!
Thư viện lưu trữ: Trung tâm Học liệu Trường Đại học Cần Thơ
LEADER 00537nam a2200193Ia 4500
001 CTU_98509
008 210402s9999 xx 000 0 und d
082 |a 658 
082 |b G549 
100 |a Glass, Neil M. 
245 0 |a Management masterclass : 
245 2 |b A practical guide to the new realities of management 
245 0 |c Neil M. Glass 
260 |a London 
260 |b Nicholas Brealey 
260 |c 1988 
650 |a Industrial management 
904 |i Tuyến 
980 |a Trung tâm Học liệu Trường Đại học Cần Thơ